00641nam a2200217Ia 4500003000900000008004100009040001300050040001300063041000800076100002800084245003500112250001100147260002100158260000900179300000800188490002000196490000600216942000700222999001300229952018100242IT-RoPAU120407s9999 xx 000 0 und d aIT-RoPAU cIT-RoPAU aita aLéon Joseph Suenens  aVita quotidiana vita cristiana aModena aEdizioni Paoline c1963 c cm aVita quotidiana v1 cBK c304d304 00102ddc406248_81000000000000071aPAULUSbPAULUSd2012-04-11l0o248.81r2012-04-11 00:00:00w2012-04-11yBKzInserito da: In data: n.d. fondo: Via A.Severo 56 Progr:37136